[Event "TUR-chT Clubs"]
[Site "Konya"]
[Date "2019.07.21"]
[Round "9.6"]
[White "Banci, Dogancan"]
[Black "Orbay, Mert"]
[Result "1/2-1/2"]
[WhiteElo "1643"]
[BlackElo "1556"]
[PlyCount "89"]
[EventDate "2019.07.16"]
[EventType "team-swiss"]
[EventRounds "9"]
[EventCountry "TUR"]
[SourceTitle "CBM 191 Extra"]
[Source "ChessBase"]
[SourceDate "2019.09.30"]
[SourceVersion "1"]
[SourceVersionDate "2019.09.30"]
[SourceQuality "1"]
[WhiteTeam "Afyonkarahisar Basari"]
[BlackTeam "Samsun Genclik"]
[WhiteTeamCountry "TUR"]
[BlackTeamCountry "TUR"]

1. e4 c6 2. d3 d5 3. Nd2 Nf6 4. Ngf3 Bg4 5. h3 Bxf3 6. Qxf3 e6 7. Be2 Qc7 8. 0-0 Bd6 9. c3 Nbd7 10. d4 dxe4 11. Nxe4 Nxe4 12. Qxe4 0-0 13. Bd3 Nf6 14. Qh4 Be7 15. Bf4 Qd8 16. Be5 g6 17. Qh6 Ne8 18. Qe3 Ng7 19. Rfe1 Re8 20. Qf4 Rc8 21. Qf3 Bd6 22. Bxd6 Qxd6 23. Rad1 Qd5 24. Qxd5 cxd5 25. a4 Nf5 26. Bxf5 gxf5 27. f4 Rc4 28. Ra1 Rec8 29. Ra3 a5 30. Rea1 R8c6 31. Rb3 b6 32. Kf2 Kf8 33. Rb5 Ke7 34. Ke3 h5 35. Ra3 Kd7 36. Kf3 h4 37. Kf2 Kc7 38. Kf3 Kb7 39. Kf2 Ka6 40. Rbb3 Rc8 41. Ra1 Rg8 42. Rba3 Rg3 43. Re1 Rc8 44. Re3 Rg7 45. Ra1 1/2-1/2

[Event "TUR-chT2"]
[Site "Konya"]
[Date "2018.07.12"]
[Round "5.14"]
[White "Karakus, Ali"]
[Black "Orbay, Mert"]
[Result "0-1"]
[WhiteElo "1159"]
[BlackElo "1558"]
[PlyCount "124"]
[EventDate "2018.07.10"]
[EventType "team-swiss"]
[EventRounds "9"]
[EventCountry "TUR"]
[SourceTitle "EXT 2019"]
[Source "ChessBase"]
[SourceDate "2018.10.10"]
[SourceVersion "1"]
[SourceVersionDate "2018.10.10"]
[SourceQuality "1"]
[WhiteTeam "Dulumpinar Turk"]
[BlackTeam "Samsun Genclik"]
[WhiteTeamCountry "TUR"]
[BlackTeamCountry "TUR"]

1. e4 c6 2. d4 d5 3. Nd2 dxe4 4. Nxe4 Bf5 5. f3 Nf6 6. Nxf6+ exf6 7. Bd3 Be6 8. c3 Qc7 9. Bd2 Bd6 10. g3 0-0 11. Qc2 g6 12. 0-0-0 Rd8 13. Kb1 b5 14. Ne2 Nd7 15. Nf4 Bxf4 16. Bxf4 Qa5 17. b3 Nb6 18. h4 Nd5 19. Bd2 b4 20. c4 Nc3+ 21. Bxc3 bxc3 22. Rc1 Rxd4 23. Qxc3 Qxc3 24. Rxc3 c5 25. Kc2 Rad8 26. Rg1 f5 27. Re1 Kg7 28. f4 Bd7 29. Re5 Rc8 30. Rd5 Be8 31. Kb2 Rd8 32. Rxd4 Rxd4 33. Bf1 Bc6 34. Rd3 Re4 35. Rc3 Re1 36. Rc1 Re3 37. a3 a5 38. a4 Kh6 39. Rc2 Re1 40. Bg2 Bxg2 41. Rxg2 Kh5 42. Kc2 Kg4 43. Rd2 Kxg3 44. Rd5 Kxf4 45. Rxc5 Ke4 46. Rc7 Kd4 47. c5 Re2+ 48. Kc1 Re5 49. c6 Kc3 50. Kd1 Rc5 51. Rc8 Kxb3 52. c7 Kxa4 53. Ke1 f6 54. Kf2 g5 55. hxg5 fxg5 56. Kg3 Rc3+ 57. Kf2 f4 58. Kg2 g4 59. Rf8 f3+ 60. Kf2 Rxc7 61. Rf4+ Kb3 62. Rxg4 Rf7 0-1

[Event "TUR-chT2"]
[Site "Konya"]
[Date "2017.07.13"]
[Round "7.17"]
[White "Orbay, Mert"]
[Black "Unsac, Yucel"]
[Result "0-1"]
[WhiteElo "1510"]
[BlackElo "1536"]
[PlyCount "70"]
[EventDate "2017.07.09"]
[EventType "team-swiss"]
[EventRounds "9"]
[EventCountry "TUR"]
[SourceTitle "CBM 179 Extra"]
[Source "ChessBase"]
[SourceDate "2017.08.23"]
[SourceVersion "1"]
[SourceVersionDate "2017.08.23"]
[SourceQuality "1"]
[WhiteTeam "Amasya Oguz Ata"]
[BlackTeam "Altin Piyon"]
[WhiteTeamCountry "TUR"]
[BlackTeamCountry "TUR"]

1. e4 c6 2. d4 d5 3. Nc3 dxe4 4. Nxe4 Nd7 5. Nf3 Ngf6 6. Ng3 e6 7. Bd3 Be7 8. 0-0 0-0 9. c4 b6 10. Qc2 Bb7 11. Be3 h6 12. Rfd1 Qc7 13. Rac1 c5 14. a3 Bxf3 15. gxf3 cxd4 16. Bxd4 Rad8 17. Be3 Ne5 18. Be2 Ng6 19. b4 Bd6 20. Qb3 Rb8 21. Rc2 h5 22. h3 Bxg3 23. c5 Bh2+ 24. Kh1 b5 25. a4 bxa4 26. Qxa4 Bf4 27. Bd4 e5 28. Ba1 Nh4 29. b5 Qc8 30. Bf1 Nxf3 31. Qxa7 Rxb5 32. c6 Rb3 33. Qe7 Nh4 34. Rd7 Rb1 35. Kg1 Qa6 0-1

[Event "TUR-chT2"]
[Site "Konya"]
[Date "2017.07.12"]
[Round "5.17"]
[White "Karagollu, Baran Ilyas"]
[Black "Orbay, Mert"]
[Result "1/2-1/2"]
[WhiteElo "1601"]
[BlackElo "1510"]
[PlyCount "62"]
[EventDate "2017.07.09"]
[EventType "team-swiss"]
[EventRounds "9"]
[EventCountry "TUR"]
[SourceTitle "CBM 179 Extra"]
[Source "ChessBase"]
[SourceDate "2017.08.23"]
[SourceVersion "1"]
[SourceVersionDate "2017.08.23"]
[SourceQuality "1"]
[WhiteTeam "Artvin Il Ozel"]
[BlackTeam "Amasya Oguz Ata"]
[WhiteTeamCountry "TUR"]
[BlackTeamCountry "TUR"]

1. b3 b6 2. Bb2 Bb7 3. e3 e6 4. Nf3 Nf6 5. Be2 Be7 6. d4 d5 7. 0-0 0-0 8. Nbd2 Nbd7 9. Re1 Re8 10. Nf1 Nf8 11. Ng3 Ng6 12. h3 h6 13. Rc1 Rc8 14. Kh1 Kh8 15. c3 c6 16. Qc2 Qc7 17. Red1 Red8 18. Re1 Re8 19. Rf1 Rf8 20. Rg1 Rg8 21. Rgd1 Rgd8 22. Re1 Re8 23. Rf1 Rf8 24. Rg1 Rg8 25. Rgd1 Rgd8 26. Re1 Re8 27. Rf1 Rf8 28. Rg1 Rg8 29. Rgd1 Rgd8 30. Re1 Re8 31. Rf1 Rf8 1/2-1/2

[Event "TUR-chT2"]
[Site "Konya"]
[Date "2017.07.10"]
[Round "2.16"]
[White "Orbay, Mert"]
[Black "Polat, Ali Gorkem"]
[Result "1/2-1/2"]
[WhiteElo "1510"]
[BlackElo "1456"]
[PlyCount "48"]
[EventDate "2017.07.09"]
[EventType "team-swiss"]
[EventRounds "9"]
[EventCountry "TUR"]
[SourceTitle "CBM 179 Extra"]
[Source "ChessBase"]
[SourceDate "2017.08.23"]
[SourceVersion "1"]
[SourceVersionDate "2017.08.23"]
[SourceQuality "1"]
[WhiteTeam "Amasya Oguz Ata"]
[BlackTeam "Karaman Akademi"]
[WhiteTeamCountry "TUR"]
[BlackTeamCountry "TUR"]

1. e4 d6 2. Nc3 Nf6 3. Nge2 g6 4. g3 Bg7 5. Bg2 0-0 6. 0-0 e5 7. d4 Nc6 8. dxe5 dxe5 9. Be3 Be6 10. Nd5 Qd7 11. Re1 Rfd8 12. Bg5 Bxd5 13. exd5 Qf5 14. Bxf6 Qxf6 15. c4 Nd4 16. Nxd4 exd4 17. Qd3 Re8 18. Rac1 Re5 19. Rxe5 Qxe5 20. Qe4 Re8 21. Qxe5 Rxe5 22. Bf3 Rf5 23. Be4 Re5 24. Bd3 c5 1/2-1/2

[Event "TUR-chT2"]
[Site "Konya"]
[Date "2017.07.10"]
[Round "3.24"]
[White "Tekin, Muhammed Rasit"]
[Black "Orbay, Mert"]
[Result "0-1"]
[WhiteElo "1225"]
[BlackElo "1510"]
[PlyCount "128"]
[EventDate "2017.07.09"]
[EventType "team-swiss"]
[EventRounds "9"]
[EventCountry "TUR"]
[SourceTitle "CBM 179 Extra"]
[Source "ChessBase"]
[SourceDate "2017.08.23"]
[SourceVersion "1"]
[SourceVersionDate "2017.08.23"]
[SourceQuality "1"]
[WhiteTeam "Harput Genclik"]
[BlackTeam "Amasya Oguz Ata"]
[WhiteTeamCountry "TUR"]
[BlackTeamCountry "TUR"]

1. e4 c5 2. Nf3 d6 3. Bc4 e6 4. Nc3 a6 5. a4 Nc6 6. d4 cxd4 7. Nxd4 Nf6 8. Bg5 Be7 9. 0-0 0-0 10. Ba2 Qc7 11. Re1 Rd8 12. Qd2 Bd7 13. Nf3 Be8 14. Qf4 Rab8 15. Bc4 Ne5 16. Bb3 Ng6 17. Qe3 Bc6 18. h3 h6 19. Bf4 Nxf4 20. Qxf4 Nd7 21. e5 d5 22. Rad1 Nc5 23. Nd4 Qa5 24. h4 Rf8 25. Re3 Qd8 26. h5 Bg5 27. Qg3 Bxe3 28. Qxe3 Nxb3 29. Nxb3 Qh4 30. Qe2 Qg5 31. Rd3 b5 32. Rg3 Qe7 33. Nd4 Bd7 34. axb5 axb5 35. Qd2 Kh8 36. Qf4 b4 37. Qg4 f6 38. Nce2 fxe5 39. Nf3 Qf6 40. Nh4 Be8 41. Rf3 Qe7 42. Rg3 Rb7 43. Nc1 e4 44. Ne2 Qf6 45. Nc1 Qf7 46. Kh2 Qf4 47. Ng6+ Bxg6 48. Qxg6 Qf6 49. Qg4 Qf5 50. Ne2 Qxg4 51. Rxg4 e5 52. Nc1 Rf5 53. Nb3 Rxh5+ 54. Kg1 Rg5 55. Rh4 Rc7 56. c3 bxc3 57. bxc3 Rxc3 58. Na5 Rc1+ 59. Kh2 e3 60. Nb3 Rc3 61. Rb4 e2 62. Nd2 e1Q 63. Nf3 Rxf3 64. gxf3 Qg1+ 0-1